000 00263nam a2200109 4500
008 160702b xxu||||| |||| 00| 0 eng d
100 _91788
_a Sharma, K.N
245 _aSong of Life
260 _aNew Delhi
_bArya
_c2005
300 _aSong of Life
942 _2ddc
_cBK
999 _c1492
_d1492